[Event "CZE-chT1E 2122"]
[Site "Czech Republic"]
[Date "2022.02.20"]
[Round "9.1"]
[White "Nedela, Vlastimil"]
[Black "Sopur, Lech"]
[Result "1-0"]
[WhiteElo "2353"]
[BlackElo "2408"]
[PlyCount "93"]
[EventDate "2021.10.09"]
[EventType "team-tourn"]
[EventRounds "11"]
[EventCountry "CZE"]
[SourceTitle "EXT 2023"]
[Source "ChessBase"]
[SourceDate "2022.10.05"]
[SourceVersion "1"]
[SourceVersionDate "2022.10.05"]
[SourceQuality "1"]
[WhiteTeam "Orlova Slavia"]
[BlackTeam "Cesky Tesin"]
[WhiteTeamCountry "CZE"]
[BlackTeamCountry "CZE"]

1. b3 d5 2. Bb2 Bg4 3. Nf3 Nd7 4. c4 e6 5. e3 Ngf6 6. Be2 Be7 7. 0-0 0-0 8. d4 c5 9. Nbd2 Rc8 10. Rc1 a6 11. h3 Bh5 12. a3 dxc4 13. Nxc4 b5 14. Nce5 Nxe5 15. Nxe5 Bxe2 16. Qxe2 Qd5 17. dxc5 Qxb3 18. Bd4 Rc7 19. Nd3 Rfc8 20. Rc3 Qd5 21. Rd1 Qb7 22. Rdc1 Nd5 23. R3c2 Bf6 24. Qf3 Bxd4 25. exd4 Ne7 26. c6 Qb6 27. Rc5 Rd8 28. Ne5 Ng6 29. Nd7 Qa5 30. d5 exd5 31. Qxd5 Re8 32. R5c3 h6 33. Rf3 Re7 34. Kh2 Rc8 35. g3 Qc7 36. Rc5 Rce8 37. Rf5 Re6 38. Qf3 Nh4 39. Qf4 Qxf4 40. Rxf4 Ng6 41. Rd4 Ne7 42. c7 Nc8 43. Kg2 f6 44. Nb8 Kf7 45. Rd8 g6 46. Nc6 f5 47. Re5 1-0

[Event "CZE-chT2F 2122"]
[Site "Czech Republic"]
[Date "2022.01.16"]
[Round "6.1"]
[White "Marek, Matyas"]
[Black "Nedela, Vlastimil"]
[Result "1/2-1/2"]
[WhiteElo "2379"]
[BlackElo "2349"]
[PlyCount "108"]
[EventDate "2021.10.17"]
[EventType "team-tourn"]
[EventRounds "11"]
[EventCountry "CZE"]
[SourceTitle "EXT 2024"]
[Source "ChessBase"]
[SourceDate "2023.10.10"]
[SourceVersion "1"]
[SourceVersionDate "2023.10.10"]
[SourceQuality "1"]
[WhiteTeam "Dobra Sokol"]
[BlackTeam "Havirov Slovan"]
[WhiteTeamCountry "CZE"]
[BlackTeamCountry "CZE"]

1. e4 d5 2. exd5 Qxd5 3. Nc3 Qd6 4. d4 Nf6 5. Nf3 c6 6. Ne5 Be6 7. f4 g6 8. g4 Nbd7 9. Bg2 Bg7 10. 0-0 Rd8 11. g5 Nd5 12. Ne4 Qb4 13. c3 Qb6 14. Qe2 0-0 15. Kh1 Qc7 16. c4 N5b6 17. b3 f6 18. Nxd7 Bxd7 19. Bb2 Bf5 20. Rad1 Qc8 21. Qe3 Rf7 22. a4 Nd7 23. h4 Nf8 24. Kh2 Bxe4 25. Bxe4 Qg4 26. Qg3 Qxg3+ 27. Kxg3 fxg5 28. hxg5 Ne6 29. b4 Bxd4 30. Bc1 Bb6 31. Rxd8+ Nxd8 32. Rd1 Bc7 33. Kg4 e6 34. b5 cxb5 35. axb5 Kf8 36. Be3 b6 37. c5 bxc5 38. Bxc5+ Ke8 39. Be3 Bb6 40. Bxb6 axb6 41. Rd6 Rc7 42. Rxb6 Rc4 43. Kf3 Rb4 44. Rb8 Kd7 45. b6 Nc6 46. Rb7+ Kd6 47. Bxc6 Kxc6 48. Rxh7 Rxb6 49. Rg7 Kd6 50. Rxg6 Rb1 51. Rg7 Rg1 52. Rf7 e5 53. Rf6+ Ke7 54. fxe5 Rxg5 1/2-1/2

[Event "CZE-chT1E 2122"]
[Site "Czech Republic"]
[Date "2021.12.12"]
[Round "5.5"]
[White "Cvek, Robert"]
[Black "Nedela, Vlastimil"]
[Result "1/2-1/2"]
[WhiteElo "2486"]
[BlackElo "2353"]
[PlyCount "75"]
[EventDate "2021.10.09"]
[EventType "team-tourn"]
[EventRounds "11"]
[EventCountry "CZE"]
[SourceTitle "EXT 2023"]
[Source "ChessBase"]
[SourceDate "2022.10.05"]
[SourceVersion "1"]
[SourceVersionDate "2022.10.05"]
[SourceQuality "1"]
[WhiteTeam "Poruba Slavoj II"]
[BlackTeam "Orlova Slavia"]
[WhiteTeamCountry "CZE"]
[BlackTeamCountry "CZE"]

1. Nf3 Nf6 2. c4 e6 3. d4 Bb4+ 4. Bd2 Qe7 5. g3 b6 6. Bg2 Bb7 7. 0-0 Bxd2 8. Qxd2 d6 9. Nc3 Ne4 10. Nxe4 Bxe4 11. Qe3 Bb7 12. d5 e5 13. Nh4 0-0 14. f4 Nd7 15. Bh3 Rae8 16. Bxd7 Qxd7 17. f5 f6 18. Qa3 c6 19. e4 b5 20. b3 Rc8 21. Rac1 Rc7 22. Qxa7 bxc4 23. bxc4 Ra8 24. Qb6 Ra4 25. c5 Ra6 26. dxc6 Qxc6 27. Qb3+ d5 28. Rfd1 Rd7 29. Ng2 Kf8 30. exd5 Rxd5 31. Rxd5 Qxd5 32. Qxd5 Bxd5 33. Ne3 Bc6 34. Rc2 Ra5 35. g4 Ke7 36. h3 Be4 37. Rc4 Bc6 38. Rc2 1/2-1/2

[Event "CZE-chT2F 2122"]
[Site "Czech Republic"]
[Date "2021.10.17"]
[Round "1.1"]
[White "Nedela, Vlastimil"]
[Black "Gibiec, Ernest"]
[Result "1-0"]
[WhiteElo "2349"]
[BlackElo "2096"]
[PlyCount "65"]
[EventDate "2021.10.17"]
[EventType "team-tourn"]
[EventRounds "11"]
[EventCountry "CZE"]
[SourceTitle "EXT 2024"]
[Source "ChessBase"]
[SourceDate "2023.10.10"]
[SourceVersion "1"]
[SourceVersionDate "2023.10.10"]
[SourceQuality "1"]
[WhiteTeam "Havirov Slovan"]
[BlackTeam "Karvina"]
[WhiteTeamCountry "CZE"]
[BlackTeamCountry "CZE"]

1. e4 d6 2. d4 Nf6 3. Nc3 g6 4. Bg5 Bg7 5. h3 h6 6. Be3 c6 7. Qd2 b5 8. a3 Qc7 9. f4 a6 10. Nf3 d5 11. exd5 cxd5 12. Bd3 Bf5 13. g4 Bxd3 14. cxd3 e6 15. Rc1 Qd6 16. Ne5 Nbd7 17. 0-0 0-0 18. Na2 Rfc8 19. Nb4 Ne8 20. Rxc8 Rxc8 21. Nxd7 Qxd7 22. Nxa6 f5 23. Nc5 Qe7 24. Qg2 fxg4 25. hxg4 Nd6 26. Re1 Qh4 27. Re2 h5 28. Bf2 Qf6 29. Rxe6 Qxf4 30. Rxg6 Kh8 31. Qxd5 Ne8 32. Qxh5+ Kg8 33. Qg5 1-0

[Event "CZE-chT1E 2122"]
[Site "Czech Republic"]
[Date "2021.10.10"]
[Round "2.3"]
[White "Nedela, Vlastimil"]
[Black "Krejci, Jan1111"]
[Result "0-1"]
[WhiteElo "2353"]
[BlackElo "2553"]
[PlyCount "144"]
[EventDate "2021.10.09"]
[EventType "team-tourn"]
[EventRounds "11"]
[EventCountry "CZE"]
[SourceTitle "EXT 2023"]
[Source "ChessBase"]
[SourceDate "2022.10.05"]
[SourceVersion "1"]
[SourceVersionDate "2022.10.05"]
[SourceQuality "1"]
[WhiteTeam "Orlova Slavia"]
[BlackTeam "Vlcnov"]
[WhiteTeamCountry "CZE"]
[BlackTeamCountry "CZE"]

1. e4 e5 2. Nf3 Nc6 3. Bb5 a6 4. Bxc6 dxc6 5. d4 exd4 6. Qxd4 Bg4 7. Bf4 Qxd4 8. Nxd4 0-0-0 9. Ne2 Ne7 10. Nbc3 Ng6 11. Be3 Ne5 12. f3 Nc4 13. Bc1 Be6 14. Nf4 Bb4 15. Nxe6 fxe6 16. Ke2 Bxc3 17. bxc3 Rd7 18. Rd1 Rxd1 19. Kxd1 a5 20. Ke2 a4 21. Bg5 h6 22. Be3 Rd8 23. Rg1 b6 24. Bc1 c5 25. g4 e5 26. h4 Kd7 27. h5 Ke6 28. Rh1 Kf7 29. Rf1 Rd7 30. Rh1 Nd6 31. Rd1 Ke6 32. Rh1 Nf7 33. Rd1 Rd6 34. Rh1 Rd7 35. Rd1 Rxd1 36. Kxd1 Nd6 37. Ke2 Nc4 38. Kd3 b5 39. Ke2 Kf6 40. Kd3 c6 41. Ke2 Ke6 42. Kd3 Kf7 43. Ke2 Kf6 44. Kd3 Nd6 45. Be3 c4+ 46. Ke2 Nf7 47. Kf2 Ng5 48. Bc5 Ne6 49. Bd6 Nf4 50. Ke3 g6 51. hxg6 Nxg6 52. Kf2 Nf4 53. Bc5 h5 54. gxh5 Nxh5 55. Ke3 Nf4 56. Bd6 Ke6 57. Bf8 Kd7 58. Bg7 Ng6 59. Bh6 c5 60. Bg5 b4 61. Kd2 Kc6 62. Kc1 Kb5 63. Kb2 a3+ 64. Kb1 Ka4 65. Be3 b3 66. cxb3+ cxb3 67. Bxc5 Nh4 68. f4 exf4 69. axb3+ Kxb3 70. Bxa3 Kxa3 71. Kc2 Nf3 72. Kd3 Ne5+ 0-1

[Event "CZE-chT1E 1920"]
[Site "Czech Republic"]
[Date "2020.02.16"]
[Round "8.6"]
[White "Nedela, Vlastimil"]
[Black "Horak, Jan"]
[Result "1-0"]
[WhiteElo "2333"]
[BlackElo "2088"]
[PlyCount "75"]
[EventDate "2019.10.20"]
[EventType "team-tourn"]
[EventRounds "11"]
[EventCountry "CZE"]
[SourceTitle "CBM 195 Extra"]
[Source "ChessBase"]
[SourceDate "2020.05.31"]
[SourceVersion "1"]
[SourceVersionDate "2020.05.31"]
[SourceQuality "1"]
[WhiteTeam "Orlova Slavia"]
[BlackTeam "Rychnov nad Kneznou"]
[WhiteTeamCountry "CZE"]
[BlackTeamCountry "CZE"]

1. Nf3 d5 2. d4 Nf6 3. e3 e6 4. Bd3 Bd6 5. b3 0-0 6. 0-0 Nbd7 7. Bb2 c5 8. Nbd2 Qe7 9. Ne5 cxd4 10. exd4 Ba3 11. Bxa3 Qxa3 12. Qf3 Qd6 13. Rfe1 b6 14. Re3 Qb4 15. c3 Qd6 16. Qh3 Bb7 17. Qh4 h6 18. Rae1 Rae8 19. f4 Qe7 20. Qh3 Qd6 21. Rg3 Kh8 22. Ree3 Ne4 23. Bxe4 dxe4 24. Qh5 Nxe5 25. fxe5 Qa3 26. Qd1 Qxa2 27. Nxe4 Bxe4 28. Rxe4 g6 29. h3 Qa3 30. c4 Rd8 31. Kh2 Qb4 32. Qd3 Rfe8 33. Rh4 Kg7 34. Qe3 Rh8 35. Rf4 b5 36. d5 exd5 37. e6 f6 38. Qxa7+ 1-0

[Event "CZE-chT2F 1920"]
[Site "Czech Republic"]
[Date "2020.02.09"]
[Round "8.1"]
[White "Nedela, Vlastimil"]
[Black "Belunek, Vladimir"]
[Result "1-0"]
[WhiteElo "2339"]
[BlackElo "2235"]
[PlyCount "147"]
[EventDate "2019.10.13"]
[EventType "team-tourn"]
[EventRounds "11"]
[EventCountry "CZE"]
[SourceTitle "EXT 2024"]
[Source "ChessBase"]
[SourceDate "2023.10.10"]
[SourceVersion "1"]
[SourceVersionDate "2023.10.10"]
[SourceQuality "1"]
[WhiteTeam "Havirov Slovan"]
[BlackTeam "Litovel Tatran"]
[WhiteTeamCountry "CZE"]
[BlackTeamCountry "CZE"]

1. e4 e5 2. Nf3 Nc6 3. Bb5 a6 4. Bc4 Nf6 5. d3 d6 6. c3 g6 7. h3 Bg7 8. Be3 0-0 9. 0-0 b5 10. Bb3 Na5 11. Bc2 c5 12. Nbd2 Bb7 13. Qb1 Nc6 14. a3 a5 15. d4 exd4 16. cxd4 Nd7 17. d5 Nce5 18. Ra2 a4 19. b3 axb3 20. Qxb3 Ba6 21. Rd1 Nb6 22. Nxe5 Bxe5 23. Qb1 Na4 24. Bxa4 bxa4 25. Qc2 Qd7 26. Nc4 Bxc4 27. Qxc4 Rab8 28. f4 Bg7 29. e5 Rb3 30. Bf2 dxe5 31. fxe5 Bxe5 32. d6 Rc8 33. Qd5 Bb2 34. Bxc5 Rb5 35. Qd2 Bc3 36. Qxc3 Rbxc5 37. Qe3 Rc2 38. Rxc2 Rxc2 39. Qd4 Rc8 40. Re1 Rc2 41. Qd5 Qa7+ 42. Kh1 Qf2 43. Rd1 Rc8 44. d7 Rd8 45. Qe5 Qb6 46. Rc1 h5 47. Rc8 Kh7 48. Kh2 h4 49. Qf4 Kg7 50. Qd2 Qf6 51. Rxd8 Qxd8 52. Qd4+ f6 53. Qd6 g5 54. Kg1 Kf7 55. Kf2 f5 56. Kg1 g4 57. hxg4 fxg4 58. Qf4+ Ke7 59. Qxg4 Qb6+ 60. Kh1 Qf2 61. Qe4+ Kxd7 62. Qxa4+ Ke6 63. Qe4+ Kd6 64. Qf3 Qd4 65. Kh2 Ke7 66. Kh3 Qc4 67. Qb7+ Kf6 68. Qb4 Qd3+ 69. Kxh4 Qh7+ 70. Kg3 Qd3+ 71. Kh2 Qh7+ 72. Kg1 Qd3 73. Qf4+ Kg6 74. Qg4+ 1-0

[Event "CZE-chT1E 1920"]
[Site "Czech Republic"]
[Date "2020.02.02"]
[Round "7.2"]
[White "Nedela, Vlastimil"]
[Black "Klima, Lukas"]
[Result "1-0"]
[WhiteElo "2333"]
[BlackElo "2334"]
[PlyCount "71"]
[EventDate "2019.10.20"]
[EventType "team-tourn"]
[EventRounds "11"]
[EventCountry "CZE"]
[SourceTitle "CBM 194 Extra"]
[Source "ChessBase"]
[SourceDate "2020.03.31"]
[SourceVersion "1"]
[SourceVersionDate "2020.03.31"]
[SourceQuality "1"]
[WhiteTeam "Orlova Slavia"]
[BlackTeam "Poruba Slavoj II"]
[WhiteTeamCountry "CZE"]
[BlackTeamCountry "CZE"]

1. Nf3 g6 2. e4 Bg7 3. Nc3 c5 4. h4 Nc6 5. h5 d6 6. Bc4 Ne5 7. Nxe5 dxe5 8. Qf3 Nf6 9. hxg6 hxg6 10. Rxh8+ Bxh8 11. Qe3 Qd4 12. d3 Qxe3+ 13. Bxe3 b6 14. a4 a6 15. a5 b5 16. Bd5 Rb8 17. Bxc5 Bd7 18. Bb3 Rc8 19. Bb4 e6 20. Ke2 Nh5 21. g3 Bg7 22. Na2 f5 23. Bc3 Ke7 24. Nb4 Ra8 25. Rd1 Bc8 26. exf5 exf5 27. Bd5 Rb8 28. Bf3 Kd6 29. Bxh5 gxh5 30. Rh1 Bb7 31. Rxh5 Rf8 32. Rh7 Rf7 33. f4 exf4 34. Rxg7 Rxg7 35. Bxg7 fxg3 36. d4 1-0

[Event "CZE-chT2F 1920"]
[Site "Czech Republic"]
[Date "2019.12.01"]
[Round "4.1"]
[White "Sramek, Vojtech"]
[Black "Nedela, Vlastimil"]
[Result "1/2-1/2"]
[WhiteElo "2176"]
[BlackElo "2335"]
[PlyCount "81"]
[EventDate "2019.10.13"]
[EventType "team-tourn"]
[EventRounds "11"]
[EventCountry "CZE"]
[SourceTitle "EXT 2024"]
[Source "ChessBase"]
[SourceDate "2023.10.10"]
[SourceVersion "1"]
[SourceVersionDate "2023.10.10"]
[SourceQuality "1"]
[WhiteTeam "Orlova Slavia II"]
[BlackTeam "Havirov Slovan"]
[WhiteTeamCountry "CZE"]
[BlackTeamCountry "CZE"]

1. e4 d5 2. exd5 Qxd5 3. Nc3 Qd8 4. d4 Nf6 5. Nf3 g6 6. Bc4 Bg7 7. 0-0 0-0 8. h3 a6 9. a4 b6 10. Re1 Bb7 11. Bg5 Nc6 12. d5 Nb4 13. Qd2 Nbxd5 14. Nxd5 Nxd5 15. Rad1 Nf6 16. Qxd8 Raxd8 17. Rxd8 Rxd8 18. Rxe7 Nd5 19. Rxc7 Nxc7 20. Bxd8 b5 21. axb5 axb5 22. Bb3 Ne6 23. Bxe6 fxe6 24. c3 Bxf3 25. gxf3 Kf7 26. Kf1 Ke8 27. Bg5 Kd7 28. Ke2 Kc6 29. Kd3 Kd5 30. b3 Be5 31. Be3 Bg7 32. c4+ bxc4+ 33. bxc4+ Kc6 34. Ke4 Kd6 35. Bd4 Bf8 36. f4 Kd7 37. f3 Kc6 38. Ba7 Bg7 39. Bd4 Bf8 40. Bh8 Bd6 41. Be5 1/2-1/2

[Event "CZE-chT1E 1920"]
[Site "Czech Republic"]
[Date "2019.11.10"]
[Round "2.3"]
[White "Rabatin, Jakub"]
[Black "Nedela, Vlastimil"]
[Result "0-1"]
[WhiteElo "2303"]
[BlackElo "2333"]
[PlyCount "96"]
[EventDate "2019.10.20"]
[EventType "team-tourn"]
[EventRounds "11"]
[EventCountry "CZE"]
[SourceTitle "CBM 193 Extra"]
[Source "ChessBase"]
[SourceDate "2020.01.31"]
[SourceVersion "1"]
[SourceVersionDate "2020.01.31"]
[SourceQuality "1"]
[WhiteTeam "Frydek Mistek II"]
[BlackTeam "Orlova Slavia"]
[WhiteTeamCountry "CZE"]
[BlackTeamCountry "CZE"]

1. e4 e5 2. Nf3 Nc6 3. Bb5 Nd4 4. Nxd4 exd4 5. 0-0 Bc5 6. Bc4 d6 7. d3 Qh4 8. Nd2 Bg4 9. Qe1 Ne7 10. h3 Be6 11. Bxe6 fxe6 12. f4 Qxe1 13. Rxe1 Kd7 14. a3 a5 15. Nf3 a4 16. Bd2 b5 17. g4 g6 18. Re2 Nc6 19. Rf1 Rhe8 20. Ref2 b4 21. Bc1 Rf8 22. f5 gxf5 23. exf5 exf5 24. Ng5 bxa3 25. bxa3 h6 26. Ne4 Rab8 27. gxf5 Ne5 28. f6 Rg8+ 29. Kh2 Nf7 30. Re2 Rbe8 31. Rfe1 Bb6 32. Bf4 c6 33. Ng3 Rxe2+ 34. Rxe2 Bd8 35. Ne4 Rg6 36. Rg2 Rxg2+ 37. Kxg2 Ke6 38. Kf3 Bb6 39. Kg4 d5 40. Ng3 Kxf6 41. Bc1 Kg6 42. Ne2 Nd6 43. h4 h5+ 44. Kf3 Nb5 45. Nf4+ Kf7 46. Ke2 Bd8 47. Nxh5 Bxh4 48. Bb2 Be7 0-1

[Event "CZE-chT1E 1819"]
[Site "Czech Republic"]
[Date "2019.04.07"]
[Round "11.2"]
[White "Nedela, Vlastimil"]
[Black "Kozusek, Daniel"]
[Result "1-0"]
[WhiteElo "2308"]
[BlackElo "2367"]
[PlyCount "81"]
[EventDate "2018.10.21"]
[EventType "team-tourn"]
[EventRounds "11"]
[EventCountry "CZE"]
[SourceTitle "EXT 2020"]
[Source "ChessBase"]
[SourceDate "2019.10.17"]
[SourceVersion "1"]
[SourceVersionDate "2019.10.17"]
[SourceQuality "1"]
[WhiteTeam "Orlova Slavia"]
[BlackTeam "Rychnov nad Kneznou"]
[WhiteTeamCountry "CZE"]
[BlackTeamCountry "CZE"]

1. Nf3 d5 2. g3 e6 3. Bg2 Nf6 4. 0-0 c5 5. d3 Nc6 6. Nbd2 Be7 7. e4 0-0 8. c3 Qc7 9. Re1 Rd8 10. e5 Nd7 11. Qe2 b5 12. h4 a5 13. Nf1 h6 14. g4 Ba6 15. Ng3 Rdb8 16. g5 hxg5 17. Bxg5 Bxg5 18. Nxg5 Ncxe5 19. Qh5 Nf6 20. Nxe6 fxe6 21. Qxe5 Qxe5 22. Rxe5 Bc8 23. Bh3 Ra6 24. Rae1 Kf7 25. f4 c4 26. d4 b4 27. R1e2 a4 28. f5 exf5 29. Re7+ Kf8 30. Rc7 a3 31. cxb4 Ne8 32. Rc5 Rg6 33. Kh2 Nd6 34. bxa3 Ra8 35. Nh5 Rh6 36. Nf4 Rxa3 37. h5 Ba6 38. Rxd5 Rf3 39. Ng6+ Rxg6 40. hxg6 c3 41. Re1 1-0

[Event "CZE-chT2F 1819"]
[Site "Czech Republic"]
[Date "2019.01.27"]
[Round "7.1"]
[White "Stepan, Patrik"]
[Black "Nedela, Vlastimil"]
[Result "1/2-1/2"]
[WhiteElo "2234"]
[BlackElo "2319"]
[PlyCount "84"]
[EventDate "2018.10.14"]
[EventType "team-tourn"]
[EventRounds "11"]
[EventCountry "CZE"]
[SourceTitle "EXT 2022"]
[Source "ChessBase"]
[SourceDate "2021.10.06"]
[SourceVersion "1"]
[SourceVersionDate "2021.10.06"]
[SourceQuality "1"]
[WhiteTeam "Frydek Mistek III"]
[BlackTeam "Havirov Slovan"]
[WhiteTeamCountry "CZE"]
[BlackTeamCountry "CZE"]

1. d4 Nf6 2. c4 e6 3. Nf3 a6 4. Nc3 d5 5. cxd5 exd5 6. Bg5 Be6 7. e3 Nbd7 8. Bd3 Bd6 9. 0-0 0-0 10. Rc1 c6 11. Ne2 Qe7 12. h3 h6 13. Bf4 Ne4 14. Bxd6 Qxd6 15. Nd2 Bf5 16. Bxe4 Bxe4 17. Nxe4 dxe4 18. Qb3 Rab8 19. Nc3 Rfe8 20. Rfd1 Re7 21. Rc2 Kh8 22. Rcd2 f5 23. Ne2 Kh7 24. Qa3 Qxa3 25. bxa3 Nb6 26. Rc2 Rd8 27. Rb1 Nd5 28. g3 g5 29. Nc3 f4 30. Nxd5 Rxd5 31. a4 fxe3 32. fxe3 Rf7 33. Rf2 Rdd7 34. Kf1 Kg6 35. Rxf7 Kxf7 36. Ke2 Ke6 37. Rf1 b5 38. Rf8 bxa4 39. Re8+ Re7 40. Rxe7+ Kxe7 41. Kd2 Kd6 42. Kc3 Kd5 1/2-1/2

[Event "CZE-chT1E 1819"]
[Site "Czech Republic"]
[Date "2019.01.20"]
[Round "6.2"]
[White "Vanek, Ladislav"]
[Black "Nedela, Vlastimil"]
[Result "0-1"]
[WhiteElo "2248"]
[BlackElo "2308"]
[PlyCount "96"]
[EventDate "2018.10.21"]
[EventType "team-tourn"]
[EventRounds "11"]
[EventCountry "CZE"]
[SourceTitle "CBM 188 Extra"]
[Source "ChessBase"]
[SourceDate "2019.02.26"]
[SourceVersion "1"]
[SourceVersionDate "2019.02.26"]
[SourceQuality "1"]
[WhiteTeam "Litovel Tatran"]
[BlackTeam "Orlova Slavia"]
[WhiteTeamCountry "CZE"]
[BlackTeamCountry "CZE"]

1. d4 Nf6 2. Nf3 e6 3. e3 b6 4. Bd3 Bb7 5. Nbd2 d5 6. 0-0 Nbd7 7. Qe2 Ne4 8. Bb5 c6 9. Bd3 f5 10. Rd1 Bd6 11. Nf1 0-0 12. Ne1 a5 13. f3 Qf6 14. c4 Ng5 15. Ng3 g6 16. cxd5 exd5 17. f4 Ne4 18. Nf3 Qe7 19. Ne5 Ndf6 20. Bd2 c5 21. Bb5 Rfc8 22. Rac1 Rc7 23. Rc2 a4 24. b3 axb3 25. axb3 cxd4 26. Rxc7 Qxc7 27. exd4 Ra2 28. Qd3 Nxd2 29. Rxd2 Qc1+ 30. Nf1 Ra1 31. g3 Ne4 32. Rc2 Qe1 33. Nf3 Qb4 34. Ba4 Ra3 35. Qe2 Kg7 36. Kg2 Qa5 37. Ne3 Ba6 38. Qe1 Qxe1 39. Nxe1 b5 40. Rc6 Ra2+ 41. N1c2 bxa4 42. Rxa6 axb3 43. Rxa2 bxa2 44. Nxd5 Ba3 45. Kf3 Bb2 46. g4 Bxd4 47. gxf5 gxf5 48. Ne7 Nd6 0-1

[Event "CZE-chT2F 1819"]
[Site "Czech Republic"]
[Date "2018.12.02"]
[Round "4.1"]
[White "Olsarova, Karolina"]
[Black "Nedela, Vlastimil"]
[Result "0-1"]
[WhiteElo "2272"]
[BlackElo "2313"]
[PlyCount "96"]
[EventDate "2018.10.14"]
[EventType "team-tourn"]
[EventRounds "11"]
[EventCountry "CZE"]
[SourceTitle "EXT 2022"]
[Source "ChessBase"]
[SourceDate "2021.10.06"]
[SourceVersion "1"]
[SourceVersionDate "2021.10.06"]
[SourceQuality "1"]
[WhiteTeam "Orlova Slavia II"]
[BlackTeam "Havirov Slovan"]
[WhiteTeamCountry "CZE"]
[BlackTeamCountry "CZE"]

1. e4 e5 2. Nf3 Nc6 3. Bc4 Nf6 4. d3 Be7 5. Nbd2 0-0 6. 0-0 d6 7. c3 Na5 8. Bb5 c5 9. Re1 a6 10. Ba4 b5 11. Bc2 Nc6 12. Nf1 Qc7 13. Ne3 b4 14. Ba4 Rb8 15. h3 Bd8 16. Nh2 Be6 17. Nhg4 Nxg4 18. hxg4 bxc3 19. bxc3 Ne7 20. Bd2 d5 21. exd5 Nxd5 22. Nc4 f6 23. Bb3 Bf7 24. Qf3 Qd7 25. Rab1 Bc7 26. Bc2 Be6 27. Rxb8 Bxb8 28. Bd1 Bf7 29. Bb3 Be6 30. Bd1 Bf7 31. Bb3 Be6 32. Qe4 Bf7 33. g3 Rd8 34. f3 Kh8 35. Kg2 Bg6 36. Qe2 Bxd3 37. Qf2 Qc6 38. Rh1 e4 39. Kg1 exf3 40. Qxf3 Ne7 41. Qf2 Qe4 42. g5 Rf8 43. Rh4 Qf5 44. Be3 fxg5 45. Rh5 Qc8 46. Qg2 Rf1+ 47. Kh2 Qg4 48. Rh3 Bxc4 0-1

[Event "CZE-chT1E 1819"]
[Site "Czech Republic"]
[Date "2018.10.21"]
[Round "1.2"]
[White "Piesik, Piotr"]
[Black "Nedela, Vlastimil"]
[Result "1/2-1/2"]
[WhiteElo "2412"]
[BlackElo "2308"]
[PlyCount "26"]
[EventDate "2018.10.21"]
[EventType "team-tourn"]
[EventRounds "11"]
[EventCountry "CZE"]
[SourceTitle "CBM 187 Extra"]
[Source "ChessBase"]
[SourceDate "2018.11.04"]
[SourceVersion "1"]
[SourceVersionDate "2018.11.04"]
[SourceQuality "1"]
[WhiteTeam "Frydek Mistek II"]
[BlackTeam "Orlova Slavia"]
[WhiteTeamCountry "CZE"]
[BlackTeamCountry "CZE"]

1. d4 Nf6 2. Nf3 e6 3. c4 Bb4+ 4. Bd2 Qe7 5. g3 b6 6. Bg2 Bb7 7. 0-0 Bxd2 8. Nbxd2 d6 9. Re1 0-0 10. e4 e5 11. d5 a5 12. b3 Nbd7 13. Nb1 g6 1/2-1/2

[Event "CZE-chT2F 1819"]
[Site "Czech Republic"]
[Date "2018.10.14"]
[Round "1.1"]
[White "Nedela, Vlastimil"]
[Black "Murdzia, Piotr"]
[Result "1/2-1/2"]
[WhiteElo "2308"]
[BlackElo "2417"]
[PlyCount "81"]
[EventDate "2018.10.14"]
[EventType "team-tourn"]
[EventRounds "11"]
[EventCountry "CZE"]
[SourceTitle "EXT 2022"]
[Source "ChessBase"]
[SourceDate "2021.10.06"]
[SourceVersion "1"]
[SourceVersionDate "2021.10.06"]
[SourceQuality "1"]
[WhiteTeam "Havirov Slovan"]
[BlackTeam "Poruba Slavoj II"]
[WhiteTeamCountry "CZE"]
[BlackTeamCountry "CZE"]

1. e4 c5 2. b4 b6 3. bxc5 bxc5 4. Nc3 g6 5. Nf3 Bg7 6. Bc4 e6 7. Rb1 Ne7 8. e5 d5 9. exd6 Nf5 10. Qe2 Nxd6 11. Ne4 0-0 12. Nxd6 Qxd6 13. Ba3 Nd7 14. 0-0 Nb6 15. Ba6 Qd5 16. Bd3 Bb7 17. c4 Qc6 18. Rb5 Nd7 19. Rfb1 Rab8 20. R1b3 Qc7 21. Be4 Ba6 22. Rxb8 Rxb8 23. Rxb8+ Nxb8 24. Qd1 Qa5 25. Qb3 Nd7 26. Bc6 Nb6 27. d3 h6 28. h3 Kh7 29. Bb2 Nc8 30. Be8 Nd6 31. Bxg7 Kxg7 32. Qb2+ Kg8 33. Bd7 Qd8 34. Ne5 Nf5 35. Qa3 Qc7 36. f4 Qd6 37. Qb2 Nd4 38. Be8 g5 39. Qf2 f6 40. Ng4 Qxf4 41. Nxf6+ 1/2-1/2